00881nam a22002657a 45000010005000000030006000050050017000110080041000280200017000690400029000860500009001150820008001241000015001322450030001472600044001773000059002215050007002805200112002875210019003995210018004186500022004369420015004589990015004739520127004886624FISKH20250516105652.0250516b cb ||||| |||| 00| 0 eng d a027506820123 aFISKHbengcFISKHdFISKH aPZ7  a491 aAnonymous  aJasmine : bStar bright / aNew York : bAdvance Publicer, c2009.  a26 unnumbered pages : bcolor illustrations ; c23 cm  aK  aA sparkling violet star leads Jasmine, Aladdin, and Abu to a faraway kingdom that has fallen into despair. 8 a510 bLexile 8 aK bRaz-Plus  aFolker vJusmine  2ddccBKn0 c6624d6624 00102ddc40708JUVFa001b001cTK Yellowd2025-05-16l0oANO 491 PZ7 p2025-1313r2025-05-16 10:56:49t1w2025-05-16yBK